Największe miasta w Niemczech - Statystyki

Ogólne statystyki
  • Ten quiz został rozwiązany 442 razy
  • Średni wynik to 13 z 20
Statystyki odpowiedzi
Populacja Miasto % Poprawnych
3 677 472 Berlin
100%
1 853 935 Hamburg
96%
1 487 708 Monachium
96%
759 224 Frankfurt
89%
586 852 Dortmund
88%
1 073 096 Kolonia
86%
601 866 Lipsk
82%
5553 51 Drezno
80%
563 290 Brema
71%
626 275 Stuttgart
71%
619 477 Düsseldorf
66%
535 932 Hanower
59%
510 632 Norymberga
57%
579 432 Essen
54%
331 885 Bonn
48%
334 002 Bielefeld
29%
495 152 Duisburg
26%
363 441 Bochum
23%
317 713 Münster
19%
354 572 Wuppertal
18%
Nie znaleziono quizów pasujących do podanych kryteriów
Rozkład punktacji
Procent ludzi z każdym wynikiem
Percentyl według liczby udzielonych odpowiedzi
Twoja historia wyników
Nie rozwiązałeś tego quizu